000 00430nam a22001697a 4500
003 MPLRDC
005 20220104185647.0
008 210129b ||||| |||| 00| 0 eng d
082 _a417.5 SOL
100 _aSARI SOLDEN
245 _aJOURNEY THROUGH ADDULTHOOD
_c
250 _aFIRST
260 _aUSA
_bWALKER PUBLISHING COMPANY,INC.
_c2002
300 _b
650 _aATTENTION DEFICIT DISORDER
942 _cBK
_o417.5 SOL
999 _c63431
_d63421